<?xml version="1.0" encoding="UTF-8"?><marc:collection xmlns:marc="http://www.loc.gov/MARC21/slim">
  <marc:record>
    <marc:leader>00000cas  2200000za 4500</marc:leader>
    <marc:controlfield tag="001">9.502332</marc:controlfield>
    <marc:controlfield tag="003">CaOODSP</marc:controlfield>
    <marc:controlfield tag="005">20260326092354</marc:controlfield>
    <marc:controlfield tag="007">cr |||||||||||</marc:controlfield>
    <marc:controlfield tag="008">150406c20089999oncar p o    f0   b0fre|d</marc:controlfield>
    <marc:datafield tag="020" ind1=" " ind2=" ">
      <marc:subfield code="z">978-1-100-91855-6</marc:subfield>
      <marc:subfield code="z">978-1-100-93816-5</marc:subfield>
    </marc:datafield>
    <marc:datafield tag="022" ind1=" " ind2=" ">
      <marc:subfield code="a">1929-5464</marc:subfield>
    </marc:datafield>
    <marc:datafield tag="040" ind1=" " ind2=" ">
      <marc:subfield code="a">CaOODSP</marc:subfield>
      <marc:subfield code="b">fre</marc:subfield>
    </marc:datafield>
    <marc:datafield tag="043" ind1=" " ind2=" ">
      <marc:subfield code="a">n-cn---</marc:subfield>
    </marc:datafield>
    <marc:datafield tag="086" ind1="1" ind2=" ">
      <marc:subfield code="a">Em5-2F-PDF</marc:subfield>
      <marc:subfield code="z">HS21-1/2008F-PDF</marc:subfield>
      <marc:subfield code="z">HS21-1/2009F-PDF</marc:subfield>
      <marc:subfield code="z">HS21-1/2010F-PDF</marc:subfield>
      <marc:subfield code="z">HS21-1/2011F-PDF</marc:subfield>
      <marc:subfield code="z">HS21-1/2012F-PDF</marc:subfield>
      <marc:subfield code="z">HS21-1/2013F-PDF</marc:subfield>
      <marc:subfield code="z">Em5-2/2014F-PDF</marc:subfield>
    </marc:datafield>
    <marc:datafield tag="110" ind1="1" ind2=" ">
      <marc:subfield code="a">Canada. </marc:subfield>
      <marc:subfield code="b">Ressources humaines et développement des compétences Canada.</marc:subfield>
    </marc:datafield>
    <marc:datafield tag="245" ind1="1" ind2="0">
      <marc:subfield code="a">Loi sur l'équité en matière d'emploi, rapport annuel </marc:subfield>
      <marc:subfield code="h">[ressource électronique].</marc:subfield>
    </marc:datafield>
    <marc:datafield tag="246" ind1="1" ind2="3">
      <marc:subfield code="a">Loi sur l'équité en matière d'emploi, rapport annuel de</marc:subfield>
    </marc:datafield>
    <marc:datafield tag="260" ind1=" " ind2=" ">
      <marc:subfield code="a">Ottawa : </marc:subfield>
      <marc:subfield code="b">Ressources humaines et Développement des compétences Canada, </marc:subfield>
      <marc:subfield code="c">c2009-</marc:subfield>
    </marc:datafield>
    <marc:datafield tag="310" ind1=" " ind2=" ">
      <marc:subfield code="a">Annuel</marc:subfield>
    </marc:datafield>
    <marc:datafield tag="362" ind1="1" ind2=" ">
      <marc:subfield code="a">Paraît depuis 2008.</marc:subfield>
    </marc:datafield>
    <marc:datafield tag="500" ind1=" " ind2=" ">
      <marc:subfield code="a">Publ. aussi en anglais sous le titre : Employment Equity Act, annual report.</marc:subfield>
    </marc:datafield>
    <marc:datafield tag="520" ind1="3" ind2=" ">
      <marc:subfield code="a">Résume le rendement des employeurs de compétence fédérale dans la mise en œuvre de l’équité en matière d’emploi au Canada. Il montre les progrès accomplis pour se doter d’un effectif diversifié et les mesures prises pour améliorer la représentation des femmes, des membres des minorités visibles, des personnes handicapées et des Autochtones. Décrit les facteurs et les tendances qui influent sur la conformité des employeurs à la Loi et évalue ces derniers en fonction de la représentativité de leur effectif. Glossaire et sommaire statistique en annexe.</marc:subfield>
    </marc:datafield>
    <marc:datafield tag="550" ind1=" " ind2=" ">
      <marc:subfield code="a">Publ. 2013- par Emploi et développement social Canada, Programme du travail.</marc:subfield>
    </marc:datafield>
    <marc:datafield tag="691" ind1="0" ind2="7">
      <marc:subfield code="a">Équité en matière d'emploi</marc:subfield>
      <marc:subfield code="2">gcpds</marc:subfield>
    </marc:datafield>
    <marc:datafield tag="691" ind1="0" ind2="7">
      <marc:subfield code="a">Rapport annuel</marc:subfield>
      <marc:subfield code="2">gcpds</marc:subfield>
    </marc:datafield>
    <marc:datafield tag="710" ind1="1" ind2=" ">
      <marc:subfield code="a">Canada. </marc:subfield>
      <marc:subfield code="b">Emploi et développement social Canada. </marc:subfield>
      <marc:subfield code="b">Programme du travail.</marc:subfield>
    </marc:datafield>
    <marc:datafield tag="775" ind1="0" ind2="8">
      <marc:subfield code="t">Employment Equity Act, annual report </marc:subfield>
      <marc:subfield code="w">(CaOODSP)9.505930</marc:subfield>
    </marc:datafield>
    <marc:datafield tag="776" ind1="0" ind2="#">
      <marc:subfield code="t">Ressources humaines et Développement des compétences Canada - Loi sur l'équité en matière d'emploi - rapport annuel </marc:subfield>
      <marc:subfield code="w">(CaOODSP)9.511919</marc:subfield>
    </marc:datafield>
    <marc:datafield tag="780" ind1="0" ind2="0">
      <marc:subfield code="t">Rapport annuel, Loi sur l'équité en matière d'emploi </marc:subfield>
      <marc:subfield code="w">(CaOODSP)9.503522</marc:subfield>
    </marc:datafield>
  </marc:record>
</marc:collection>
